书目信息 |
| 题名: |
民间木雕
|
|
| 作者: | 王抗生 编著 | |
| 分册: | ||
| 出版信息: | 北京 中国轻工业出版社 2005 |
|
| 页数: | 139页 | |
| 开本: | 19cm | |
| 丛书名: | 中国民间工艺风采丛书 | |
| 单 册: | ||
| 中图分类: | J322 | |
| 科图分类: | ||
| 主题词: | 雕塑--作品--中国 , 木雕--作品--中国--图集 | |
| 电子资源: | ||
| ISBN: | 7-5019-4629-9 | |
| 000 | 00877oam2 2200277 45 | |
| 001 | 0900000023582 | |
| 005 | 20061203162713.25 | |
| 010 | @a7-5019-4629-9@dCNY36.00 | |
| 100 | @a20050223d2005 ekmy0chiy0120 ea | |
| 101 | 0 | @achi |
| 102 | @aCN@b110000 | |
| 105 | @aa z 000yy | |
| 200 | 1 | @a民间木雕@9min jian mu diao@e图集@f王抗生编著@Fwang kang sheng bian zhu |
| 210 | @a北京@c中国轻工业出版社@d2005 | |
| 215 | @a139页@d19cm | |
| 225 | 2 | @a中国民间工艺风采丛书 |
| 330 | @a本书从中国木雕艺术的历史沿革,民间木雕的主要流派特点,民间建筑木雕的主要装饰题材与装饰主题四个方面进行论 | |
| 410 | 0 | @12001 @a中国民间工艺风采丛书 |
| 517 | 1 | @a图集@Atu ji |
| 606 | 0 | @a雕塑@x作品@x中国 |
| 606 | 0 | @a木雕@x作品@y中国@j图集 |
| 690 | @aJ322@v4 | |
| 701 | 0 | @a王抗生@Awang kang sheng@4编著 |
| 801 | 0 | @aCN@bCXYBOOK@c20061203 |
| 905 | @a10447@dJ322@e5 | |
| 999 | @aWJ@eJDD | |
| 民间木雕:图集/王抗生编著.-北京:中国轻工业出版社,2005 |
| 139页;19cm.-(中国民间工艺风采丛书) |
| ISBN 7-5019-4629-9:CNY36.00 |
| 本书从中国木雕艺术的历史沿革,民间木雕的主要流派特点,民间建筑木雕的主要装饰题材与装饰主题四个方面进行论 |
| ● |
| 相关链接 |
|
|
|
|
正题名:民间木雕
索取号:J322/5
 
预约/预借
| 序号 | 登录号 | 条形码 | 馆藏地/架位号 | 状态 | 备注 |
| 1 | 0370761 | 203707612 | 第一样本阅览室/ [索取号:J322/5] | 在馆 | |
| 2 | 0370762 | 203707621 | 第一借阅区/ [索取号:J322/5] | 在馆 | |
| 3 | 0370763 | 203707630 | 第一借阅区/ [索取号:J322/5] | 在馆 | |
| 4 | 0370764 | 203707649 | 第一借阅区/ [索取号:J322/5] | 在馆 | |
| 5 | 0610997 | 206109977 | 第一借阅区/ [索取号:J322/5] | 在馆 | |
| 6 | 0610998 | 206109986 | 第一借阅区/ [索取号:J322/5] | 在馆 | |
| 7 | 0610999 | 206109995 | 第一借阅区/ [索取号:J322/5] | 在馆 |